Simons Construction Ltd v Aardvark Developments Ltd (Record no. 73868)
[ view plain ]
| 000 -LEADER | |
|---|---|
| fixed length control field | 02006cam a2200193 4500 |
| 008 - FIXED-LENGTH DATA ELEMENTS--GENERAL INFORMATION | |
| fixed length control field | 031126n2003 000 0 eng u |
| 035 ## - SYSTEM CONTROL NUMBER | |
| System control number | (Sirsi) u124485 |
| 245 ## - TITLE STATEMENT | |
| Title | Simons Construction Ltd v Aardvark Developments Ltd |
| 260 ## - PUBLICATION, DISTRIBUTION, ETC. | |
| Date of publication, distribution, etc. | 2003 |
| 490 ## - SERIES STATEMENT | |
| Series statement | Building Law Reports |
| Volume/sequential designation | [2004] BLR 117-130(14) |
| 520 ## - SUMMARY, ETC. | |
| Summary, etc. | [2003] EWHC 2474 (TCC), 29 October 2003. Concerns Part 20 claim proceedings brought by S against A as part of a wider dispute over payment of fees claimed by arbitrator B. S claimed that the Adjudicator's Draft Decision marked for the parties comments dated 17 June 2002 and the Adjudicator's Decision (Final Decision) were not valid decisions within the meaning of the Housing Grants, Construction and Regeneration Act 1996 s108 and cl30 of the contract between S and A. In its defence A argued that both decisions were valid. There were three issues for consideration: firstly did the adjudicator B reach a decision within the time agreed by the parties; secondly was the draft decision published on 17 June 2002 an effective decision; and thirdly was the decision published on the 25 June 2002 valid. Reference was made to the contractual terms set out in cl39 of the contract and the 1996 Act s108. Held, that the Final Decision dated 25 June 2002 was binding on S and A. B's action for his fees against S and A was stayed pending the outcome of the Part 20 claim. View judgment at courtservice.gov.uk. |
| 590 ## - LOCAL NOTE (RLIN) | |
| Local note | ABS |
| 650 ## - SUBJECT ADDED ENTRY--TOPICAL TERM | |
| Topical term or geographic name entry element | SIMONS CONSTRUCTION LTD V AARDVARK DEVELOPMENTS LTD |
| 650 ## - SUBJECT ADDED ENTRY--TOPICAL TERM | |
| Topical term or geographic name entry element | MANAGEMENT-DISPUTE AVOIDANCE, MANAGEMENT AND RESOLUTION-DISPUTE MANAGEMENT AND RESOLUTION-ALTERNATIVE DISPUTE RESOLUTION-ADJUDICATION |
| 650 ## - SUBJECT ADDED ENTRY--TOPICAL TERM | |
| Topical term or geographic name entry element | HOUSING GRANTS, CONSTRUCTION AND REGENERATION ACT 1996 S108 |
| 690 ## - LOCAL SUBJECT ADDED ENTRY--TOPICAL TERM (OCLC, RLIN) | |
| Topical term or geographic name as entry element | MANGEMENT-DISPUTE AVOIDANCE, MANAGEMENT AND RESOLUTION-DISPUTE MANAGEMENT AND RESOLUTION |
| 856 ## - ELECTRONIC LOCATION AND ACCESS | |
| Uniform Resource Identifier | <a href="https://www.courtservice.gov.uk/View.do?id=2019&searchTerm=&ascending=&index=79&maxIndex=199">https://www.courtservice.gov.uk/View.do?id=2019&searchTerm=&ascending=&index=79&maxIndex=199</a> |
| Public note | View judgment on the Court Service website... |
| 942 ## - ADDED ENTRY ELEMENTS (KOHA) | |
| Suppress in OPAC | 0 |
| Withdrawn status | Lost status | Source of classification or shelving scheme | Damaged status | Not for loan | Home library | Current library | Shelving location | Date acquired | Total Checkouts | Full call number | Barcode | Date last seen | Copy number | Price effective from | Koha item type |
|---|---|---|---|---|---|---|---|---|---|---|---|---|---|---|---|
| Dewey Decimal Classification | London | London | Journal article | 26/11/2003 | ABS67244 | 124485-1001 | 06/08/2019 | 1 | 06/08/2019 | Law report |